| 000 | 00686nam a22001817a 4500 | ||
|---|---|---|---|
| 005 | 20251108164137.0 | ||
| 008 | 250721s1995 xx 000 0 ara d | ||
| 082 | 1 | 4 | _a219/بكر |
| 100 | 1 | _aالجزائري، أبو بكر جابر | |
| 245 | 1 | 0 |
_aهذا الحبيب محمد رسول الله صلى الله عليه و سلم : _bيامحب رسالة العلم و الإيمان / |
| 264 | 1 |
_aالقاهرة : _bدار السلام للطباعه والنشر والتوزيع، _c1995. |
|
| 300 | _a456ص. | ||
| 650 | 1 | 7 | _aالسيرة النبوية |
| 650 | 1 | 7 | _aعصر الرسول (ص) |
| 650 | 1 | 7 | _aالتاريخ الإسلامي |
| 942 |
_2ddc _cBK |
||
| 999 |
_c4727 _d4727 |
||